LEADER 00990nam0-2200337---450- 001 990008424100403321 005 20061206170113.0 010 $a2-02-030698-0 035 $a000842410 035 $aFED01000842410 035 $a(Aleph)000842410FED01 035 $a000842410 100 $a20061122d1997----km-y0itay50------ba 101 0 $afre 102 $aFR 105 $ay-------001yy 200 1 $a<>expédition d'Egypte, 1798-1801$fHenry Laurens 205 $aNouvelle édition completée et mise à jour par l'auteur 210 $aParis$cÉditions du Seuil$d1997 215 $a595 p.$d18 cm 225 1 $aPoints. Histoire$v244 610 0 $aSpedizione d'Egitto$a1798-1801 676 $a962.03$v21$zita 700 1$aLaurens,$bHenry$f<1954- >$0218664 801 0$aIT$bUNINA$gRICA$2UNIMARC 901 $aBK 912 $a990008424100403321 952 $aCollez. 183 (244)$b42550$fFSPBC 959 $aFSPBC 996 $aExpédition d'Egypte, 1798-1801$9727222 997 $aUNINA LEADER 01509nam 2200409 450 001 9910481042703321 005 20170821161751.0 010 $a1-68108-017-6 035 $a(CKB)3710000000407203 035 $a(EBL)2007128 035 $a(MiAaPQ)EBC2007128 035 $a(EXLCZ)993710000000407203 100 $a20181229d2015 uy 0 101 0 $aeng 135 $aur|n|---||||| 181 $ctxt$2rdacontent 182 $cc$2rdamedia 183 $acr$2rdacarrier 200 10$aBIM development and trends in Developing countries $ecase studies /$fJohn Rogers [and four others] 210 1$aSharjah, United Arab Emirates :$cBentham Science Publishers,$d2015. 215 $a1 online resource (140 p.) 300 $aDescription based upon print version of record. 311 $a1-68108-018-4 320 $aIncludes bibliographical references and index. 327 $aCover; Title; EUL; Contents; Bio Sketch; Salient Features; Biography; Preface; Keywords; Chapter 01; Chapter 02; Chapter 03; Chapter 04; Chapter 05; Chapter 06; Chapter 07; Chapter 08; References; Index 606 $aBuilding$xSuperintendence$xData processing 608 $aElectronic books. 615 0$aBuilding$xSuperintendence$xData processing. 676 $a624.028553 700 $aRogers$b John$0408693 801 0$bMiAaPQ 801 1$bMiAaPQ 801 2$bMiAaPQ 906 $aBOOK 912 $a9910481042703321 996 $aBIM development and trends in Developing countries$92460009 997 $aUNINA